000 00394nam a22001697a 4500
005 20180425105735.0
008 160601b xxu||||| |||| 00| 0 eng d
020 _a81-7446-346-2
041 _aeng
082 _b6575
_a363.7
100 _aUberoi, N.K.
_94279
245 _aEnvironmental Management
260 _bExcel Books
_c2010
300 _a397
650 _aManagement
_9241
942 _cBK
999 _c2309
_d2308